| 000 | 04764cam a22003615a 4500 | ||
|---|---|---|---|
| 001 | 17970345 | ||
| 005 | 20161102155506.0 | ||
| 008 | 131212s2014 ne a frbf 001 0 eng d | ||
| 010 | _a 2013957536 | ||
| 016 | 7 |
_a016627959 _2Uk |
|
| 020 | _a9780857096807(print) | ||
| 020 | _a085709680X (print) | ||
| 035 | _a(OCoLC)ocn852732287 | ||
| 040 |
_aYDXCP _beng _cYDXCP _dBTCTA _dBDX _dUKMGB _dCDX _dOCLCO _dOCLCQ _dIXA _dOCLCF _dMOU _dOCL _dOCLCQ _dDLC _dEG-ScBUE |
||
| 042 | _alccopycat | ||
| 082 | 0 | 4 |
_222 _a667.9 _bHAN |
| 245 | 0 | 0 |
_aHandbook of smart coatings for materials protection / _cedited by Abdel Salam Hamdy Makhlouf. |
| 260 |
_aCambridge, United Kingdom : _bWoodhead Publishing / Elsevier, _cc.2014. |
||
| 300 |
_axxvii, 628 p. : _bill. ; _c24 cm. |
||
| 490 | 0 |
_aWoodhead publishing series in metals and surface engineering ; _vnumber 64 |
|
| 500 | _aIndex : p. 607-628. | ||
| 504 | _aIncludes bibliographical references. | ||
| 505 | 0 | _apt. 1. Fundamentals of smart coatings for materials protection: 1. Corrosion processes and strategies for prevention : an introduction / P. Zarras and J.D. Stenger-Smith -- 2. Smart coatings for corrosion protection : an overview / I.S. Cole -- 3. Techniques for synthesizing and applying smart coatings for material protection / A.S.H. Makhlouf -- 4. Multi-functional, self-healing coatings for corrosion protection : materials, design and processing / S. Scharf, M. Noeske, W.L. Cavalcanti and P. Schiffels -- 5. Strategies for developing multi-functional, self-healing coatings for corrosion prevention and other functions / I.J. Zvonkina and M. Hilt -- 6. Protective coatings for automotive, aerospace and military applications : current prospects and future trends / A.S.H. Makhlouf -- pt. 2. Smart coatings with self-healing properties for corrosion protection: 7. The use of nano-/microlayers, self-healing and slow-release coatings to prevent corrosion and biofouling / J. Telegdi, T. Szabo, L. Romanszki and M. Pavai -- 8. Self-healing anti-corrosion coatings for applications in structural and petrochemical engineering / V. Mittal -- 9. Smart nanocoatings for corrosion detection and control / M. Aliofkhazraei -- 10. Smart self-healing coatings for corrosion protection of aluminum alloys / K.A. Yasakau, J. Tedim, M.L. Zheludkevich and M.G.S. Ferreira -- 11. Smart stannate-based self-healing coatings for corrosion protection of magnesium alloys / A.S.H. Makhlouf -- 12. Incorporating microcapsules in smart coatings for corrosion protection of steel / W. Zhang, L.P. Liao and Y. Zhao -- 13. Multi-layer smart coatings for corrosion protection of aluminum alloys and steel / D.V. Andreeva and E.V. Skorb -- 14. Electro-active polymer (EAP) coatings for corrosion protection of metals / P. Zarras and J.D. Stenger-Smith -- 15. Microencapsulated indicators and inhibitors for corrosion detection and control / L.M. Calle and W. Li -- 16. Smart acrylic coatings containing silica particles for corrosion protection of aluminum and other metals / F. Khelifa, Y. Habibi, F. Benard adn P. Dubois -- 17. Recent advances in polyaniline (PANI)-based organic coatings for corrosion protection / N.Y. Abu-Thabit and A.S.H. Makhlouf -- pt. 3. Other types of smart coating: 18. Smart self-cleaning coatings for corrosion protection / J.O. Carneiro, V. Teixeira, S. Azevedo and M. Maltez-da Costa -- 19. Smart polymer nanocomposite water and oil repellent coatings for aluminum / I.S.l Bayer -- 20. UV-curable organic polymer coatings for corrosion protection of steel / F. Delforian and M. Fedel -- 21. Smart epoxy coatings for early detection of corrosion in steel and aluminum / A. Augustyniak -- 22. Structural ceramics with self-healing properties / K. Ando and K. Takahashi and T. Osada. | |
| 520 | _aThis book reviews the new generation of smart coatings for corrosion and other types of material protection. It explores the fundamentals of smart coatings for materials protection including types, materials, design, and processing as well as includes a focus on smart coatings with self-healing properties for corrosion protection. This is a valuable reference for those concerned with preventing corrosion, particularly of metals, professionals working within the surface coating industries, as well as all those with an academic research interest in the field. | ||
| 590 | _aWessam | ||
| 650 | 7 |
_aCoatings _2BUEsh _941652 _xHandbooks, manuals, etc. |
|
| 651 | _2BUEsh | ||
| 653 |
_bENGCHE _cNovember2016 |
||
| 700 | 1 |
_aMakhlouf, Abdel Salam Hamdy _941651 |
|
| 830 | 0 |
_aWoodhead Publishing series in metals and surface engineering ; _vno. 64. |
|
| 856 | 4 | 2 |
_3Publisher description _uhttp://www.loc.gov/catdir/enhancements/fy1602/2013957536-d.html |
| 942 |
_2ddc _e22 _h667.9 HAN |
||
| 999 |
_c23013 _d22985 |
||